000 00218nam a22000857a 4500
008 161207b xxu||||| |||| 00| 0 eng d
100 _91938
_aAlamelu. k
245 _aMaths ahead - 4
260 _aNew delhi
_bOrient Logmen
_c2007
999 _c4714
_d4714